[Event "12. Lichtenberger Sommer"]
[Site "Berlin"]
[Date "2013.08.24"]
[Round "8.64"]
[White "Weiß, Daniel"]
[Black "Kapp, Frank"]
[Result "0-1"]
[WhiteElo "1758"]
[BlackElo "1908"]
[PlyCount "100"]
[EventDate "2013.??.??"]
[WhiteTeam "Sfr.Nord-Ost Berlin"]
[BlackTeam "TSV IFA Chemnitz"]

1. Nf3 e6 2. g3 f5 3. Bg2 Nf6 4. O-O d5 5. b3 Bd6 6. Bb2 O-O 7. d4 Ne4 8. e3
Qe7 9. Nbd2 Nd7 10. c4 c6 11. Rc1 Bb4 12. Nxe4 fxe4 13. Ne1 Ba3 14. Qc2 Bxb2
15. Qxb2 a5 16. c5 e5 17. f3 exf3 18. Nxf3 e4 19. Nh4 Nf6 20. Nf5 Bxf5 21. Rxf5
Ng4 22. Rxf8+ Rxf8 23. Qd2 Rf2 24. Qxa5 Qf8 25. Qe1 Rxa2 26. h3 Nf2 27. Qc3 Qb8
28. Rc2 Nd1 29. Qd2 Rxc2 30. Qxc2 Nxe3 31. Qf2 Nxg2 32. Kxg2 Qf8 33. Qe2 Qf6
34. Qg4 h6 35. Qc8+ Kh7 36. Qg4 Qf7 37. Qe2 g6 38. Qe3 g5 39. Qe2 h5 40. Qe3
Qf5 41. Qe2 Kg6 42. g4 hxg4 43. Qxg4 Qxg4+ 44. hxg4 Kf6 45. Kf2 Ke6 46. Ke3 Kd7
47. Kd2 Kc7 48. Kc3 b6 49. b4 bxc5 50. bxc5 Kb7 0-1

[Event "12. Lichtenberger Sommer"]
[Site "Berlin"]
[Date "2013.08.24"]
[Round "8.65"]
[White "Möller, Dustin"]
[Black "Prix, Siegfried"]
[Result "1-0"]
[WhiteElo "1793"]
[BlackElo "1803"]
[PlyCount "61"]
[EventDate "2013.??.??"]
[WhiteTeam "Eckernförder SC von 1921"]
[BlackTeam "Sfrd. Berlin 1903 e.V."]

1. g3 d5 2. Bg2 c5 3. f4 Nc6 4. Nf3 Nf6 5. O-O Bd7 6. d3 Qc8 7. Nc3 Bh3 8. e4
Bxg2 9. Kxg2 d4 10. Nd5 Nxd5 11. exd5 Nb4 12. c4 Qf5 13. Ne5 O-O-O 14. a3 Na6
15. Qg4 Qxg4 16. Nxg4 f5 17. Ne5 Rg8 18. Nf7 Rd7 19. Ng5 h6 20. Ne6 b6 21. Bd2
Nc7 22. Rfe1 Nxe6 23. Rxe6 Rd6 24. Rae1 Kd7 25. b4 h5 26. R1e5 g6 27. bxc5 bxc5
28. a4 Rb6 29. Rxb6 axb6 30. Re6 Kc7 31. a5 1-0

[Event "12. Lichtenberger Sommer"]
[Site "Berlin"]
[Date "2013.08.24"]
[Round "8.66"]
[White "Kühnemund, Lutz"]
[Black "Balliere, Arne"]
[Result "1/2-1/2"]
[WhiteElo "2044"]
[BlackElo "1743"]
[PlyCount "47"]
[EventDate "2013.??.??"]
[WhiteTeam "SC Friesen Lichtenberg e.V."]
[BlackTeam "Kon. Oostendse SK"]

1. b4 Nf6 2. Bb2 d6 3. e3 e5 4. c4 Be7 5. Nc3 O-O 6. Nf3 Bg4 7. Be2 Nc6 8. b5
Nb8 9. O-O Nbd7 10. d4 Re8 11. h3 Bxf3 12. Bxf3 Qc8 13. a4 Bf8 14. Qc2 c5 15.
Ne4 cxd4 16. exd4 Nxe4 17. Bxe4 Nf6 18. Bf3 e4 19. Be2 d5 20. c5 Qe6 21. Bc1
Rac8 22. Qb3 g6 23. Qg3 Bg7 24. Rd1 1/2-1/2

[Event "12. Lichtenberger Sommer"]
[Site "Berlin"]
[Date "2013.08.24"]
[Round "8.68"]
[White "Matitschka, Heinz"]
[Black "Grassi, Fabrizio"]
[Result "1-0"]
[WhiteElo "1774"]
[BlackElo "1957"]
[PlyCount "69"]
[EventDate "2013.??.??"]
[WhiteTeam "TSG Oberschöneweide e.V."]
[BlackTeam "SV Berlin-Friedrichstadt"]

1. d4 d5 2. c4 e6 3. Nc3 Nf6 4. cxd5 exd5 5. Bg5 Nbd7 6. e3 c6 7. Bd3 Be7 8.
Nf3 Nf8 9. Qc2 g6 10. h3 Ne6 11. Bh6 Ng8 12. Bf4 Nxf4 13. exf4 Nh6 14. O-O-O
Bf5 15. Rhe1 Qd6 16. Ne5 f6 17. Bxf5 Nxf5 18. g4 Nxd4 19. Rxd4 fxe5 20. fxe5
Qe6 21. f4 O-O 22. Rf1 Rf7 23. Qh2 Raf8 24. Rd3 b5 25. Kb1 b4 26. Ne2 c5 27.
Qg3 a5 28. Rfd1 d4 29. f5 Qc6 30. f6 Bxf6 31. exf6 Rxf6 32. Nc1 a4 33. Re1 R8f7
34. Qe5 Kf8 35. g5 1-0

[Event "12. Lichtenberger Sommer"]
[Site "Berlin"]
[Date "2013.08.24"]
[Round "8.69"]
[White "Alten, Silvio"]
[Black "Wierzbicki, Jirawat"]
[Result "1-0"]
[WhiteElo "1887"]
[BlackElo "1725"]
[PlyCount "109"]
[EventDate "2013.??.??"]
[WhiteTeam "Treptower SV 1949 e.V."]
[BlackTeam "TuS Makkabi Berlin e.V."]

1. e4 e5 2. Nf3 Nc6 3. Bb5 a6 4. Bxc6 dxc6 5. O-O Bg4 6. h3 Bh5 7. g4 Bg6 8.
Nxe5 Qh4 9. Qf3 f6 10. Nxg6 hxg6 11. Kg2 Bd6 12. d3 g5 13. Nc3 Ne7 14. Rh1
O-O-O 15. Ne2 Be5 16. c3 c5 17. a3 Rd7 18. b4 Rhd8 19. Rd1 c4 20. d4 Bd6 21. a4
Rh8 22. Rh1 Rdd8 23. Ng3 Qh7 24. Nf5 Ng6 25. Qe2 Bf4 26. Qxc4 Bxc1 27. Raxc1
Nf4+ 28. Kf1 g6 29. Ne3 Nxh3 30. a5 Qe7 31. Nd5 Qd6 32. Kg2 Nf4+ 33. Nxf4 Qxf4
34. Qe2 Rhe8 35. Rce1 f5 36. Qf3 fxe4 37. Qxf4 gxf4 38. Rh6 Rd6 39. Rh7 Rd7 40.
Reh1 e3 41. Rh8 Rde7 42. Rxe8+ Rxe8 43. Re1 Kd7 44. fxe3 fxe3 45. Kf3 Rf8+ 46.
Kxe3 Rf6 47. Rh1 Rc6 48. Kd3 Rf6 49. Rh7+ Kd8 50. Rg7 Re6 51. g5 Rd6 52. c4 b6
53. c5 bxc5 54. bxc5 Re6 55. Kc4 1-0

[Event "12. Lichtenberger Sommer"]
[Site "Berlin"]
[Date "2013.08.24"]
[Round "8.70"]
[White "Alvarez, Luis"]
[Black "Räcke, Norbert"]
[Result "1-0"]
[WhiteElo "1902"]
[BlackElo "1846"]
[PlyCount "69"]
[EventDate "2013.??.??"]
[WhiteTeam "Schachclub Zug um Zug Everswinke"]
[BlackTeam "Queer-Springer SSV Berlin"]

1. e4 e6 2. d4 d5 3. e5 c5 4. c3 Nc6 5. Nf3 Bd7 6. dxc5 Bxc5 7. Bd3 Qc7 8. Bf4
Nge7 9. Qe2 Ng6 10. Bg3 O-O 11. Nbd2 Qb6 12. b4 Be7 13. O-O f6 14. Bxg6 hxg6
15. a4 a6 16. Nb3 Rac8 17. Qd2 fxe5 18. Nxe5 Nxe5 19. Bxe5 Rf5 20. a5 Qd8 21.
f4 Bb5 22. Rf3 Bd6 23. Nd4 Bxe5 24. Nxf5 Bxc3 25. Ne7+ Qxe7 26. Rxc3 Rf8 27.
Re1 Qxb4 28. g3 Qxa5 29. Rxe6 g5 30. Qxd5 Kh8 31. Qd2 Rd8 32. Qc1 Bc6 33. Re5
Qa4 34. Re1 Qa2 35. Rxc6 1-0

[Event "12. Lichtenberger Sommer"]
[Site "Berlin"]
[Date "2013.08.24"]
[Round "8.71"]
[White "Schrodt, Horst"]
[Black "Revinelli, Sergio"]
[Result "1-0"]
[WhiteElo "1753"]
[BlackElo "1829"]
[PlyCount "109"]
[EventDate "2013.??.??"]
[WhiteTeam "SC Eintracht Berlin e.V."]
[BlackTeam "C.S. Veduggio"]

1. d4 d5 2. c4 c6 3. Nc3 Nf6 4. cxd5 cxd5 5. Nf3 e6 6. Bf4 Bd6 7. Bxd6 Qxd6 8.
Rc1 Bd7 9. e3 a6 10. Bd3 O-O 11. O-O Nc6 12. a3 Rfd8 13. Na4 b5 14. Nc5 Bc8 15.
Qe2 e5 16. dxe5 Nxe5 17. Bb1 Re8 18. Nxe5 Qxe5 19. Nd3 Qg5 20. Qf3 Bg4 21. Qf4
Qxf4 22. Nxf4 Rac8 23. h3 Be6 24. Nd3 Ne4 25. Rfd1 h6 26. Ba2 Nf6 27. Nb4 Rxc1
28. Rxc1 a5 29. Nc6 Ra8 30. Rc5 Ra6 31. Ne7+ Kf8 32. Nxd5 Nxd5 33. Bxd5 Bxd5
34. Rxd5 Rb6 35. Kf1 Ke7 36. Ke2 Ke6 37. e4 a4 38. Rd4 Ke5 39. Ke3 g6 40. f4+
Ke6 41. g4 Ke7 42. h4 f6 43. h5 g5 44. fxg5 fxg5 45. e5 Ke6 46. Ke4 Rb8 47.
Rd6+ Ke7 48. Rxh6 Rf8 49. Rf6 Rc8 50. Kf5 Rc2 51. Kxg5 Rxb2 52. Rb6 b4 53. axb4
a3 54. Ra6 a2 55. h6 1-0

[Event "12. Lichtenberger Sommer"]
[Site "Berlin"]
[Date "2013.08.24"]
[Round "8.72"]
[White "Willich, Manfred"]
[Black "Bandsom, Olaf"]
[Result "1-0"]
[WhiteElo "1981"]
[BlackElo "1808"]
[PlyCount "75"]
[EventDate "2013.??.??"]
[WhiteTeam "SK Turm Bad Hersfeld"]
[BlackTeam "SC Friesen Lichtenberg e.V."]

1. d4 Nf6 2. c4 g6 3. Nc3 d5 4. cxd5 Nxd5 5. Na4 Bg7 6. Nf3 Nc6 7. e4 Nb6 8.
Be3 O-O 9. Be2 Nxa4 10. Qxa4 Bd7 11. Qc2 Bg4 12. d5 Bxf3 13. Bxf3 Ne5 14. Be2
f5 15. f4 Bh6 16. O-O fxe4 17. Qxe4 Nd7 18. Rad1 Nf6 19. Qc4 Kh8 20. Bd4 Bg7
21. Be5 Rc8 22. Bf3 Nd7 23. Bxg7+ Kxg7 24. Bg4 Rf6 25. Qb4 Rb8 26. Rfe1 Kf7 27.
Re2 Nb6 28. Be6+ Kf8 29. Re4 Qd6 30. Qd4 c5 31. Qe3 Rd8 32. g4 Nc4 33. Qc3 Ke8
34. Qxc4 a6 35. Rc1 b6 36. Qxa6 Rxf4 37. Rxf4 Qxf4 38. Qb5+ 1-0

[Event "12. Lichtenberger Sommer"]
[Site "Berlin"]
[Date "2013.08.24"]
[Round "8.73"]
[White "Deutschbein, Christopher"]
[Black "Herrmann, Eberhard"]
[Result "1-0"]
[WhiteElo "2003"]
[BlackElo "1861"]
[PlyCount "59"]
[EventDate "2013.??.??"]
[WhiteTeam "Bille SC von 1924 e.V."]
[BlackTeam "SC Friesen Lichtenberg e.V."]

1. e4 e5 2. Nc3 Bc5 3. Bc4 d6 4. d3 a6 5. Qf3 Qf6 6. Nd5 Qxf3 7. Nxf3 Bb6 8.
Nxb6 cxb6 9. Be3 b5 10. Bb3 Nc6 11. c3 Nf6 12. O-O O-O 13. Nh4 b4 14. f4 h6 15.
cxb4 Nxb4 16. fxe5 dxe5 17. Bc5 Nxd3 18. Bxf8 Kxf8 19. Rad1 Nc5 20. Rd8+ Ke7
21. Rfd1 g5 22. Nf3 Nfd7 23. Rh8 h5 24. Rh7 Nxb3 25. axb3 Kf6 26. Rh6+ Ke7 27.
Rc1 Nf8 28. Rc7+ Ke8 29. Nxg5 Bd7 30. Nh7 1-0

[Event "12. Lichtenberger Sommer"]
[Site "Berlin"]
[Date "2013.08.24"]
[Round "8.74"]
[White "Bauder, Herbert"]
[Black "Jansen, Robert"]
[Result "1-0"]
[WhiteElo "1932"]
[BlackElo "1771"]
[PlyCount "55"]
[EventDate "2013.??.??"]
[WhiteTeam "SG Lasker Steglitz-Wilmersdorf"]
[BlackTeam "SC Kreuzberg e.V."]

1. d4 d5 2. Nf3 e6 3. c4 c6 4. Nc3 Nf6 5. Bg5 Nbd7 6. e3 Qa5 7. cxd5 Nxd5 8.
Qd2 Bb4 9. Rc1 N7f6 10. Bd3 h6 11. Bh4 O-O 12. e4 Nxc3 13. bxc3 Be7 14. O-O Qd8
15. Qe2 Nh7 16. Bxe7 Qxe7 17. Qe3 b6 18. e5 Bb7 19. Nd2 f5 20. exf6 Nxf6 21.
Rfe1 Bc8 22. Nc4 b5 23. Ne5 Qd6 24. Qg3 g5 25. h4 g4 26. Qe3 Kg7 27. Bc2 Nd5
28. Qe4 1-0

[Event "12. Lichtenberger Sommer"]
[Site "Berlin"]
[Date "2013.08.24"]
[Round "8.75"]
[White "Zesewitz, Martin"]
[Black "Schubert, Joachim"]
[Result "0-1"]
[WhiteElo "1863"]
[BlackElo "1814"]
[PlyCount "70"]
[EventDate "2013.??.??"]
[WhiteTeam "SF Friedrichshagen"]
[BlackTeam "SC Friesen Lichtenberg e.V."]

1. f4 Nf6 2. Nf3 d6 3. e3 g6 4. Be2 Bg7 5. O-O c5 6. d3 O-O 7. e4 Nc6 8. Qe1 b5
9. Qh4 Bg4 10. f5 Ne5 11. Bh6 Bxf3 12. Bxf3 d5 13. Bxg7 Kxg7 14. exd5 Nxd5 15.
Bxd5 Qxd5 16. Nc3 Qd7 17. Rae1 f6 18. Qf2 Rac8 19. Re4 Rf7 20. d4 cxd4 21. Rxd4
Qc6 22. Rd5 b4 23. fxg6 Nxg6 24. Rd3 bxc3 25. Rxc3 Qa8 26. Rxc8 Qxc8 27. Qxa7
Qxc2 28. b4 e5 29. Qa3 Nf4 30. Qg3+ Kf8 31. Rxf4 exf4 32. Qxf4 Qb1+ 33. Kf2
Qxa2+ 34. Kf1 Qa1+ 35. Kf2 Qe5 0-1

[Event "12. Lichtenberger Sommer"]
[Site "Berlin"]
[Date "2013.08.24"]
[Round "8.76"]
[White "Ritter, Uwe"]
[Black "Casny, Guenter"]
[Result "0-1"]
[WhiteElo "1991"]
[BlackElo "1835"]
[PlyCount "108"]
[EventDate "2013.??.??"]
[WhiteTeam "Reideburger SV 90 Halle"]
[BlackTeam "SC Rochade e.V."]

1. f4 g6 2. Nf3 Bg7 3. e3 d5 4. d4 Nf6 5. Bd3 c6 6. O-O Qc7 7. c3 b6 8. Ne5 e6
9. Qe2 a5 10. Nd2 O-O 11. e4 Ba6 12. Bxa6 Nxa6 13. g4 Nd7 14. Nxd7 Qxd7 15. e5
c5 16. Nf3 Nc7 17. g5 Ne8 18. Qf2 c4 19. Qh4 Bh8 20. Ne1 Ng7 21. Ng2 Nf5 22.
Qh3 Bg7 23. Ne3 h5 24. gxh6 Nxh6 25. Ng4 Nxg4 26. Qxg4 Rfe8 27. h4 Kh7 28. h5
Rh8 29. Rf2 gxh5 30. Qxh5+ Kg8 31. Qg4 Kf8 32. f5 exf5 33. Qxf5 Qxf5 34. Rxf5
Ke7 35. Bg5+ Ke6 36. Raf1 Rh5 37. Kg2 Rg8 38. Kg3 f6 39. exf6 Bh6 40. Re5+ Kd6
41. f7 Rgxg5+ 42. Rxg5 Rxg5+ 43. Kh4 Rg6 44. f8=Q+ Bxf8 45. Rxf8 Rg2 46. Rf6+
Kc7 47. b4 axb4 48. cxb4 Rxa2 49. b5 Rd2 50. Rf7+ Kd8 51. Rb7 Rxd4+ 52. Kg5 c3
53. Rxb6 c2 54. Rc6 Rc4 0-1

[Event "12. Lichtenberger Sommer"]
[Site "Berlin"]
[Date "2013.08.24"]
[Round "8.78"]
[White "Knauer, Frank"]
[Black "Kurbel, Horst-Peter"]
[Result "0-1"]
[WhiteElo "1846"]
[BlackElo "1845"]
[PlyCount "64"]
[EventDate "2013.??.??"]
[WhiteTeam "FC ST.Pauli 1910 eV SAbt"]
[BlackTeam "FC Bayern München e.V."]

1. Nf3 Nf6 2. g3 g6 3. Bg2 Bg7 4. d4 d6 5. c4 Nbd7 6. Nc3 c6 7. e4 e5 8. h3 O-O
9. Be3 Re8 10. Qc2 Qa5 11. O-O exd4 12. Nxd4 Ne5 13. b3 a6 14. f4 Ned7 15. Kh2
Rb8 16. Rad1 Nc5 17. Bc1 Qc7 18. Rfe1 Ne6 19. Nf3 b5 20. f5 Nc5 21. Bf4 Bf8 22.
cxb5 axb5 23. b4 Na6 24. a3 Nh5 25. Be3 gxf5 26. exf5 d5 27. Bf2 Bd7 28. Nd4
Bd6 29. Qd3 Kh8 30. Qf3 Nf6 31. Kh1 Rg8 32. Nde2 Ne4 0-1

[Event "12. Lichtenberger Sommer"]
[Site "Berlin"]
[Date "2013.08.24"]
[Round "8.79"]
[White "Halli, Gerhard"]
[Black "Bollenbach, Horst"]
[Result "1-0"]
[WhiteElo "1938"]
[BlackElo "1566"]
[PlyCount "113"]
[EventDate "2013.??.??"]
[WhiteTeam "SK 1947 Sandhausen e.V."]
[BlackTeam "SC Friesen Lichtenberg e.V."]

1. d4 d5 2. c4 Nf6 3. Nc3 e6 4. Nf3 c5 5. e3 cxd4 6. exd4 Bb4 7. Bd2 Nc6 8. a3
Bxc3 9. Bxc3 Ne4 10. Rc1 O-O 11. Be2 b6 12. O-O Bb7 13. Nd2 Nxc3 14. bxc3 Ba6
15. Bf3 Na5 16. Be2 Nxc4 17. Nxc4 Bxc4 18. Bxc4 dxc4 19. Qa4 Qd5 20. Rb1 a6 21.
Rxb6 g6 22. h3 e5 23. dxe5 Qxe5 24. Qxc4 Rfc8 25. Qd4 Qa5 26. Qb4 Qe5 27. Rc1
Rc5 28. g3 Rac8 29. Rxa6 Rxc3 30. Rxc3 Qxc3 31. Ra7 Qc1+ 32. Kh2 Qc6 33. Qe7
Qd5 34. Qb7 Qxb7 35. Rxb7 Rc2 36. Kg2 Ra2 37. Rb3 Kg7 38. h4 h6 39. Kf3 f5 40.
Ke3 g5 41. hxg5 hxg5 42. f4 g4 43. Kd4 Rf2 44. Kc4 Kf7 45. Rd3 Ke6 46. a4 Rc2+
47. Kb5 Rf2 48. a5 Rf3 49. Kc4 Rf1 50. Ra3 Rd1 51. Kb4 Kd6 52. a6 Rb1+ 53. Kc3
Rb8 54. a7 Ra8 55. Kd4 Kc6 56. Ke5 Kb7 57. Kxf5 1-0

[Event "12. Lichtenberger Sommer"]
[Site "Berlin"]
[Date "2013.08.24"]
[Round "8.80"]
[White "Roth, Joachim"]
[Black "Poeltelt, Helmut"]
[Result "0-1"]
[WhiteElo "1923"]
[BlackElo "1733"]
[PlyCount "118"]
[EventDate "2013.??.??"]
[WhiteTeam "SG Bund"]
[BlackTeam "SC Eintracht Berlin e.V."]

1. c4 Nf6 2. g3 g6 3. Bg2 c6 4. Nf3 d5 5. O-O Bg7 6. a4 dxc4 7. Na3 Be6 8. Qc2
O-O 9. Nxc4 Na6 10. d3 Nb4 11. Qd2 a5 12. Nxa5 Qxa5 13. Nd4 Bd7 14. Nb3 Qb6 15.
d4 Nbd5 16. Nc5 Qb4 17. Qd1 b6 18. Nxd7 Nxd7 19. e3 e6 20. Qc2 Rfc8 21. Bd2 Qd6
22. Rfc1 Rab8 23. Qd1 c5 24. Bc3 cxd4 25. exd4 Nxc3 26. bxc3 Rc7 27. a5 bxa5
28. Rxa5 Rbc8 29. Ra8 Rxa8 30. Bxa8 Nb6 31. Bf3 Qa3 32. Kg2 Bh6 33. Rb1 Nd7 34.
Rb3 Qa2 35. Be2 Bd2 36. c4 Kg7 37. h4 Nf6 38. Rd3 Bb4 39. Rf3 Ne4 40. Bd3 Nd2
41. Re3 Nxc4 42. Re2 Nd2 43. f3 Qb2 44. Qg1 Rd7 45. Bb5 Rd6 46. d5 Rxd5 47. Bc4
Ra5 48. Bxe6 Bc5 49. Qd1 Bb4 50. Qg1 fxe6 51. Qb6 Qf6 52. f4 Qc3 53. Qxe6 Qf3+
54. Kh3 Ra1 55. Qe5+ Kh6 56. Qg5+ Kg7 57. Re7+ Kg8 58. Re8+ Kf7 59. Rf8+ Bxf8
0-1

[Event "12. Lichtenberger Sommer"]
[Site "Berlin"]
[Date "2013.08.24"]
[Round "8.82"]
[White "Gruener, Reinhard"]
[Black "Mildenberger, Hans"]
[Result "1-0"]
[WhiteElo "2016"]
[BlackElo "1622"]
[PlyCount "31"]
[EventDate "2013.??.??"]
[WhiteTeam "SG Lasker Steglitz-Wilmersdorf"]
[BlackTeam "SG BVG Helmholtz 55"]

1. d4 Nf6 2. Nc3 d5 3. Bg5 e6 4. e4 dxe4 5. Nxe4 Be7 6. Bxf6 Bxf6 7. Nf3 Nd7 8.
c3 O-O 9. Bc4 c6 10. Qe2 Qc7 11. O-O-O Be7 12. h4 Qf4+ 13. Kb1 e5 14. g3 Qf5
15. Bd3 exd4 16. Neg5 1-0

[Event "12. Lichtenberger Sommer"]
[Site "Berlin"]
[Date "2013.08.24"]
[Round "8.83"]
[White "Bockrath, Hendrik"]
[Black "Körner, Helmut"]
[Result "0-1"]
[WhiteElo "1382"]
[BlackElo "1910"]
[PlyCount "152"]
[EventDate "2013.??.??"]
[WhiteTeam "SC Kreuzberg e.V."]
[BlackTeam "Sfr.Nord-Ost Berlin"]

1. d4 Nf6 2. c4 d6 3. Nc3 Nbd7 4. e4 e5 5. d5 c6 6. Nf3 Be7 7. Be2 O-O 8. O-O
Nc5 9. Qc2 Bg4 10. Be3 cxd5 11. cxd5 Rc8 12. Bxc5 Rxc5 13. Ne1 Bd7 14. f3 Ne8
15. Nd3 Rc8 16. Qb3 b5 17. Kh1 Rb8 18. a3 Kh8 19. Rac1 f5 20. Rc2 Qb6 21. Qa2
Nf6 22. a4 b4 23. Nb5 a6 24. Nxb4 axb5 25. Nc6 Bxc6 26. dxc6 Rbc8 27. Bxb5 fxe4
28. Qe6 Rc7 29. fxe4 Qb8 30. Rc4 Qc8 31. Qxc8 Rfxc8 32. Rfc1 Kg8 33. Ba6 Ra8
34. Bb7 Ra7 35. b3 Kf8 36. Ra1 d5 37. exd5 Nxd5 38. a5 Nb6 39. Rcc1 Nc8 40. a6
Ke8 41. Rd1 Bc5 42. Rd5 Bd4 43. Rd1 Ne7 44. Rd7 Rxd7 45. cxd7+ Kxd7 46. b4 Kc7
47. g3 Kb6 48. Rc1 Rxb7 49. axb7 Kxb7 50. Kg2 Nd5 51. Kf3 Nf6 52. g4 Nd5 53.
Ke4 Nc3+ 54. Kd3 Nd5 55. Rf1 Nf4+ 56. Rxf4 exf4 57. Kxd4 g5 58. Ke4 Kb6 59. Kf3
Kb5 60. h4 h6 61. hxg5 hxg5 62. Ke4 Kxb4 63. Kd4 Kb5 64. Ke4 Kc4 65. Kf3 Kd3
66. Kf2 Ke4 67. Kg2 f3+ 68. Kg3 Ke3 69. Kh2 Ke2 70. Kg1 f2+ 71. Kh2 f1=Q 72.
Kg3 Qf4+ 73. Kh3 Ke3 74. Kg2 Qxg4+ 75. Kf1 Qe2+ 76. Kg1 Kf3 0-1

[Event "12. Lichtenberger Sommer"]
[Site "Berlin"]
[Date "2013.08.24"]
[Round "8.84"]
[White "Lieder, Günter"]
[Black "Lange, Cecilia"]
[Result "1-0"]
[WhiteElo "1884"]
[BlackElo "1143"]
[PlyCount "51"]
[EventDate "2013.??.??"]
[WhiteTeam "SK Turm Bad Hersfeld"]
[BlackTeam "TSG Oberschöneweide e.V."]

1. e4 c6 2. b3 d5 3. Bb2 dxe4 4. Nc3 Nf6 5. Nge2 Bg4 6. h3 Bxe2 7. Qxe2 Nbd7 8.
Nxe4 Nxe4 9. Qxe4 Nf6 10. Qf3 Qd6 11. O-O-O g6 12. g4 Bg7 13. Bc4 O-O 14. h4 h6
15. g5 hxg5 16. hxg5 Nh5 17. Bxg7 Kxg7 18. Qc3+ Kh7 19. Be2 Qf4 20. Bxh5 gxh5
21. Rxh5+ Kg6 22. Rdh1 Qg4 23. Qd3+ Qf5 24. Rh6+ Kxg5 25. R6h5+ Kg6 26. Qxf5+
1-0

[Event "12. Lichtenberger Sommer"]
[Site "Berlin"]
[Date "2013.08.24"]
[Round "8.85"]
[White "Graf, Anton"]
[Black "Weishäutel, Moritz"]
[Result "1-0"]
[WhiteElo "1830"]
[BlackElo "1680"]
[PlyCount "43"]
[EventDate "2013.??.??"]
[WhiteTeam "OSG Baden-Baden"]
[BlackTeam "SV Empor Erfurt"]

1. e4 e5 2. Nf3 Nc6 3. Bc4 Bc5 4. b4 Bxb4 5. c3 Be7 6. d4 exd4 7. Qb3 Na5 8.
Bxf7+ Kf8 9. Qa4 Kxf7 10. Qxa5 Qf8 11. Qxc7 dxc3 12. Nxc3 Nf6 13. e5 Qe8 14.
O-O Ng8 15. Ne4 h6 16. Re1 b6 17. Nd6+ Bxd6 18. exd6 Qf8 19. Qc4+ Kg6 20. Qe4+
Kf7 21. Ne5+ Kf6 22. Qg6# 1-0

[Event "12. Lichtenberger Sommer"]
[Site "Berlin"]
[Date "2013.08.24"]
[Round "8.87"]
[White "Kasper, Peter"]
[Black "Kuckel, Andreas"]
[Result "0-1"]
[WhiteElo "1787"]
[BlackElo "1937"]
[PlyCount "56"]
[EventDate "2013.??.??"]
[WhiteTeam "SG Eckturm"]
[BlackTeam "SV Motor Wildau e.V."]

1. b4 c6 2. e3 a5 3. b5 d5 4. Bb2 Bf5 5. a4 Nd7 6. Nf3 Qc7 7. Nd4 Bg6 8. bxc6
bxc6 9. d3 e5 10. Nf3 Be7 11. Nfd2 Ngf6 12. c4 Rb8 13. Qc1 Qb6 14. Ba3 Bc5 15.
Bxc5 Nxc5 16. Qc3 d4 17. Qc2 dxe3 18. fxe3 Rd8 19. e4 Ng4 20. Nf3 Ne3 21. Qc3
f6 22. Be2 Nxg2+ 23. Kf1 Nf4 24. Nxe5 fxe5 25. Qxe5+ Nce6 26. Nc3 O-O 27. Ke1
Qe3 28. Qxg7+ Kxg7 0-1

[Event "12. Lichtenberger Sommer"]
[Site "Berlin"]
[Date "2013.08.24"]
[Round "8.88"]
[White "Korb, Viktor"]
[Black "Boeck, Rüdiger"]
[Result "1/2-1/2"]
[WhiteElo "1691"]
[BlackElo "1829"]
[PlyCount "167"]
[EventDate "2013.??.??"]
[WhiteTeam "SF Siemensstadt"]
[BlackTeam "SC Weisse Dame Ulm e.V."]

1. e4 e5 2. Nf3 Nc6 3. Bb5 a6 4. Ba4 Nf6 5. O-O b5 6. Bb3 Bc5 7. c3 d6 8. d4
exd4 9. cxd4 Bb6 10. h3 h6 11. Re1 O-O 12. Nc3 Ba5 13. a3 Re8 14. Bc2 Ne7 15.
b4 Bb6 16. Bb2 Nd7 17. a4 bxa4 18. Bxa4 c6 19. Bb3 Bb7 20. Bc4 d5 21. Bd3 dxe4
22. Nxe4 Nd5 23. Qb3 N7f6 24. Nc5 Bxc5 25. dxc5 Qc7 26. Ne5 Nf4 27. Bc4 N4d5
28. Nf3 Rxe1+ 29. Rxe1 Re8 30. Rxe8+ Nxe8 31. Bxd5 cxd5 32. Be5 Qc6 33. Nd4 Qg6
34. Qc3 Qe4 35. c6 Bc8 36. Qg3 Qe1+ 37. Kh2 Qxb4 38. c7 Qb6 39. Qc3 f6 40. Bg3
Nd6 41. Qc6 Qxc6 42. Nxc6 Nf5 43. Na7 Bb7 44. c8=Q+ Bxc8 45. Nxc8 Kf7 46. Nb6
Ke6 47. Bf4 Nd4 48. Be3 Nc2 49. Bd2 Ke5 50. Kg1 Ke4 51. Kf1 Kd3 52. Ba5 d4 53.
Nd5 Kc4 54. Nc7 d3 55. Ne8 Kb5 56. Bc3 Kc4 57. Bd2 Kb3 58. Nxg7 Na1 59. Ke1 Kc2
60. Nf5 Nb3 61. Ne3+ Kb2 62. Nc4+ Kc2 63. Bb4 a5 64. Nxa5 d2+ 65. Bxd2 Nxd2 66.
Nc6 Kd3 67. Nd8 Nc4 68. Nf7 h5 69. Nh6 Ke4 70. Ke2 Kf4 71. g3+ Kg5 72. Nf7+ Kg6
73. Nd8 Ne5 74. f4 Nd7 75. Ke3 f5 76. Nc6 Kf6 77. Kd4 Nf8 78. Ne5 Ne6+ 79. Kd5
h4 80. gxh4 Nxf4+ 81. Kd4 Nxh3 82. Nf3 Kg6 83. Ke5 f4 84. Ng1 1/2-1/2

[Event "12. Lichtenberger Sommer"]
[Site "Berlin"]
[Date "2013.08.24"]
[Round "8.89"]
[White "Schrade, Ulrich"]
[Black "Schüler, Wolfgang"]
[Result "1/2-1/2"]
[WhiteElo "1528"]
[BlackElo "1880"]
[PlyCount "32"]
[EventDate "2013.??.??"]
[WhiteTeam "SV Trossingen"]
[BlackTeam "SC Friesen Lichtenberg e.V."]

1. e4 e5 2. Nf3 Nc6 3. d4 exd4 4. Nxd4 Bc5 5. Be3 Qf6 6. c3 Nge7 7. Be2 O-O 8.
Nxc6 Qxc6 9. Bxc5 Qxc5 10. O-O d5 11. exd5 Qxd5 12. Qxd5 Nxd5 13. Bf3 Nf6 14.
Nd2 c6 15. Nb3 Bg4 16. Bxg4 Nxg4 1/2-1/2

[Event "12. Lichtenberger Sommer"]
[Site "Berlin"]
[Date "2013.08.24"]
[Round "8.90"]
[White "Schlittermann, Wolfgang"]
[Black "Tschirschwitz, Stephan"]
[Result "1/2-1/2"]
[WhiteElo "1769"]
[BlackElo "1570"]
[PlyCount "79"]
[EventDate "2013.??.??"]
[WhiteTeam "SV Osram e.V."]
[BlackTeam "SG Lasker Steglitz-Wilmersdorf"]

1. Nf3 c5 2. e3 d5 3. Bb5+ Bd7 4. Bxd7+ Nxd7 5. b3 Ngf6 6. Bb2 Qc7 7. Qe2 e6 8.
c4 dxc4 9. Qxc4 Be7 10. Nc3 a6 11. Ne4 O-O 12. Nxf6+ Bxf6 13. Bxf6 Nxf6 14. b4
Rac8 15. Rc1 Nd7 16. a4 Qc6 17. bxc5 Nxc5 18. O-O Nxa4 19. Qxc6 Rxc6 20. Rb1 b5
21. Ra1 Rfc8 22. Ne5 Rc2 23. d3 f6 24. Nc4 bxc4 25. Rxa4 cxd3 26. Rd4 d2 27.
Rd1 a5 28. Kf1 a4 29. Rxa4 e5 30. Ke2 Rd8 31. Ra3 e4 32. f3 exf3+ 33. gxf3 Rb8
34. Rd3 Rbb2 35. h4 Rc1 36. R1xd2 Rcc2 37. f4 Rxd2+ 38. Rxd2 Rxd2+ 39. Kxd2 f5
40. h5 1/2-1/2

[Event "12. Lichtenberger Sommer"]
[Site "Berlin"]
[Date "2013.08.24"]
[Round "8.91"]
[White "Dittrich, Tom"]
[Black "Schröter, Maik"]
[Result "1/2-1/2"]
[WhiteElo "1648"]
[BlackElo "1856"]
[PlyCount "82"]
[EventDate "2013.??.??"]
[WhiteTeam "SG Blau-Weiß Stadtilm"]
[BlackTeam "SG Blau-Weiß Stadtilm"]

1. e4 Nf6 2. Nc3 e5 3. Nf3 d6 4. d4 exd4 5. Nxd4 a6 6. Bf4 g6 7. Qd2 Bg7 8.
O-O-O O-O 9. h4 b5 10. f3 Qe8 11. b3 Nc6 12. Nxc6 Qxc6 13. Nd5 Nxd5 14. exd5
Qc3 15. Qxc3 Bxc3 16. Bd2 Bxd2+ 17. Rxd2 b4 18. Bc4 Bb7 19. Re1 Rfe8 20. Rde2
Kf8 21. Kd2 Rxe2+ 22. Rxe2 Re8 23. Rxe8+ Kxe8 24. c3 bxc3+ 25. Kxc3 Kd7 26. Kd4
a5 27. g4 f6 28. f4 Ke7 29. f5 Bc8 30. Bd3 g5 31. h5 h6 32. Bb5 Bb7 33. a3 Kd8
34. b4 axb4 35. axb4 Kc8 36. Bc6 Kb8 37. Kc4 Ka7 38. b5 Bxc6 39. bxc6 Kb6 40.
Kb4 Ka6 41. Ka4 Kb6 1/2-1/2